Lecciones de topografía y replanteos / (Registro nro. 569)
[ vista simple ]
| 000 -LEADER | |
|---|---|
| fixed length control field | 01286nam a2200277Ia 4500 |
| 003 - CONTROL NUMBER IDENTIFIER | |
| control field | PE SENCICO BE |
| 005 - DATE AND TIME OF LATEST TRANSACTION | |
| control field | 20260303215255.0 |
| 008 - FIXED-LENGTH DATA ELEMENTS--GENERAL INFORMATION | |
| fixed length control field | 200515s9999 xx 000 0 und d |
| 020 ## - INTERNATIONAL STANDARD BOOK NUMBER | |
| International Standard Book Number | 978-84-9948-259-0 |
| 040 ## - CATALOGING SOURCE | |
| Original cataloging agency | PE SENCICO BE |
| Transcribing agency | PE SENCICO BE |
| 041 ## - LANGUAGE CODE | |
| Language code of text/sound track or separate title | spa |
| 082 ## - DEWEY DECIMAL CLASSIFICATION NUMBER | |
| Classification number | 526.9 |
| Item number | G71 |
| 100 1# - MAIN ENTRY--PERSONAL NAME | |
| Personal name | González Cabezas, Antonio Miguel |
| 9 (RLIN) | 107 |
| Relator term | autor |
| 245 #0 - TITLE STATEMENT | |
| Title | Lecciones de topografía y replanteos / |
| Statement of responsibility, etc. | Antonio Miguel González Cabezas |
| 250 ## - EDITION STATEMENT | |
| Edition statement | 5a ed. |
| 260 ## - PUBLICATION, DISTRIBUTION, ETC. | |
| Place of publication, distribution, etc. | Alicante : |
| Name of publisher, distributor, etc. | Club Universitario ; |
| Date of publication, distribution, etc. | 2010 |
| 300 ## - PHYSICAL DESCRIPTION | |
| Extent | 325 páginas : |
| Other physical details | ilustraciones, tablas, gráficas ; |
| Dimensions | 24 cm. |
| 504 ## - BIBLIOGRAPHY, ETC. NOTE | |
| Bibliography, etc. note | Bibliografía: p. 325 |
| 505 0# - FORMATTED CONTENTS NOTE | |
| Formatted contents note | El terreno y su representación : la representación de la tierra -- El plano topográfico -- Operaciones básicas de campo -- Métodos planimétricos elementales -- Instrumentos topográficos: el taquímetro -- Dispositivos de medida indirecta de distancias -- La estación total -- Uso de taquímetros y estaciones totales -- Planimetría -- Altimetría -- Levantamientos topográficos -- Replanteos y trazados |
| 650 10 - SUBJECT ADDED ENTRY--TOPICAL TERM | |
| Topical term or geographic name entry element | Topografía |
| 9 (RLIN) | 245 |
| 650 20 - SUBJECT ADDED ENTRY--TOPICAL TERM | |
| Topical term or geographic name entry element | Instrumentos de topografía |
| 9 (RLIN) | 249 |
| 650 20 - SUBJECT ADDED ENTRY--TOPICAL TERM | |
| Topical term or geographic name entry element | Levantamiento topográfico |
| 9 (RLIN) | 297 |
| 650 20 - SUBJECT ADDED ENTRY--TOPICAL TERM | |
| Topical term or geographic name entry element | Planimetría |
| 9 (RLIN) | 298 |
| 650 20 - SUBJECT ADDED ENTRY--TOPICAL TERM | |
| Topical term or geographic name entry element | Taquímetros |
| 9 (RLIN) | 299 |
| 942 ## - ADDED ENTRY ELEMENTS (KOHA) | |
| Koha item type | Libros |
| Source of classification or shelving scheme | Dewey Decimal Classification |
| Fecha de la última vez que lo usaron | Pago total | Signatura topográfica completa | Código de barras | Precio efectivo desde | Tipo de documento | Estado perdido | Sistema de clasificación | Estado dañado | No es para préstamo | Retirado | Ubicación permanente | Ubicación actual | Fecha de adquisición |
|---|---|---|---|---|---|---|---|---|---|---|---|---|---|
| 15/05/2020 | 526.9/G71/2010 | BibLima25112575 | 15/05/2020 | Libros | Dewey Decimal Classification | Biblioteca Central Lima | Biblioteca Central Lima | 15/05/2020 |